MLB Teams Fun Quiz! - Statistics

General Stats
  • This quiz has been taken 45 times
  • The average score is 12 of 15
Answer Stats
Question Answer % Correct
Which team is not in the National league Astros
100%
Which player dose not wear 99 Betts
100%
Which team plays at Wrigley Field Cubs
100%
What would an E5 equal Error by the 3rd basemen
100%
Which two teams are not in the same state Giants and Royals
100%
Which of these teams are not in California Mets
100%
Which team used to be the Expos Nationals
100%
Which division is the Cubs in NL Central
100%
Which field is home to the Twins Target Stadium
100%
Which two teams wear pinstripes at home Yankees and White Sox
100%
When did the Yankees last win the World Series 2009
83%
Where is the baseball Hall of Fame Cooperstown New York
83%
How many teams have had a stadium in New York 4
33%
Which team has been in the MLB the least amount of time Nationals
0%
Which stadium is the most pitcher friendly Petco Park
0%
No matching quizzes found
Score Distribution
Percent of People with Each Score
Percentile by Number Answered
Your Score History
You have not taken this quiz